000 00507nam a2200181Ia 4500
008 100920s9999 xx 000 0 und d
082 _b75928
_a22 थ 93
100 _aGULATI R.R.
245 _aMONOCHROME AND COLOUR TELEVISION.
260 _bWILEY EASTERN LIMITED, PUNE.
_c1993
300 _a774
_bसाधी
365 _b0
520 _aएस.सी.
630 _aMONOCHROME AND COLOUR TELEVISION.
650 _aएस.सी.
730 _aMONOCHROME AND COLOUR TELEVISION.
942 _cBOOK
999 _c717385
_d717382